Crime In A Changing Society (Record no. 1235700)

MARC details
000 -LEADER
fixed length control field 00486nam a2200193Ia 4500
008 - FIXED-LENGTH DATA ELEMENTS--GENERAL INFORMATION
fixed length control field 151121s9999||||xx |||||||||||||| ||und||
082 ## - DEWEY DECIMAL CLASSIFICATION NUMBER
Classification number 364/JON
082 ## - DEWEY DECIMAL CLASSIFICATION NUMBER
Item number HNW-51251
100 ## - MAIN ENTRY--PERSONAL NAME
Personal name Jones Howard
245 ## - TITLE STATEMENT
Title Crime In A Changing Society
260 ## - PUBLICATION, DISTRIBUTION, ETC. (IMPRINT)
Name of publisher, distributor, etc "Penguin Books, England।"
260 ## - PUBLICATION, DISTRIBUTION, ETC. (IMPRINT)
Date of publication, distribution, etc --
300 ## - PHYSICAL DESCRIPTION
Extent 173
600 ## - SUBJECT ADDED ENTRY--PERSONAL NAME
Personal name Jones Howard
630 ## - SUBJECT ADDED ENTRY--UNIFORM TITLE
Uniform title Crime In A Changing Society
700 ## - ADDED ENTRY--PERSONAL NAME
Personal name Jones Howard
730 ## - ADDED ENTRY--UNIFORM TITLE
Uniform title Crime In A Changing Society
942 ## - ADDED ENTRY ELEMENTS (KOHA)
Koha item type Book
Holdings
Withdrawn status Lost status Damaged status Not for loan Home library Current library Date acquired Total Checkouts Full call number Barcode Date last seen Price effective from Koha item type
        Hirachand Nemchand Wachanalaya, Solapur Hirachand Nemchand Wachanalaya, Solapur 11/21/2015   HNW-51251 HNW-51251 11/21/2015 11/21/2015 Book